Responses for Show #7007 - Tuesday, February 17, 2015

Contestants

[<< previous game]

Eamon Doyle, a housekeeper and freelance copy editor from Berkeley, California

Stephanie Engel, a children's book managing editor from Douglassville, Pennsylvania

Andy Axel, a graduate student in poetry from Iowa City, Iowa (whose 1-day cash winnings total $1,599)

[next game >>]

Jeopardy! Round responses

THE MARIAN KIND
(Alex: Interesting spelling there.)
NFL TEAM MASCOTS
A HAMBURGER WITH ALL THE FIXINGS
COLD WORLD OUT THERE
IT FOLLOWED ME HOME
CAN I "KEEP" IT?
    $200 10
librarian

Andy
    $200 1
the New Orleans Saints

Andy
    $200 21
romaine

Eamon
    $200 26
Antarctica

Andy
    $200 16
a fox

Triple Stumper
    $200 3
peacekeepers

Eamon
    $400 11
Michelle Obama

Stephanie
    $400 2
the Chicago Bears

Eamon
    $400 22
jalapeño

Andy
    $400 27
Colorado

Eamon
    $400 17
an anteater

Andy
    $400 4
upkeep

Eamon
    $600 12
(Andy: What is Twin Dragons?)

Double Dragon

Andy
Triple Stumper
    $600 8
the Arizona Cardinals

Stephanie
    $600 23
Vidalia

Stephanie
    $600 28
Siberia

Eamon
    $600 18
Madagascar

Stephanie
    $600 5
Good Housekeeping

Eamon
    $800 13
Marian Anderson

Stephanie
    $1,000 9
the Carolina Panthers

Stephanie
    $800 24
heirloom

Stephanie
    $800 29
the Yukon

Eamon
    $800 19
an owl-face monkey

Andy
    $800 6
a keepsake

Eamon
    $1000 14
the Children's Defense Fund

Triple Stumper
    $1000 15
the Tampa Bay Buccaneers

Triple Stumper
    $1000 25
aioli

Eamon
    $1000 30
Montana

Triple Stumper
    $1000 20
an alpaca

Stephanie
    $1000 7
to keep tabs

Andy

Scores at the first commercial break (after clue 15):

Andy Stephanie Eamon
$800 $2,800 $2,400

Scores at the end of the Jeopardy! Round:

Andy Stephanie Eamon
$2,600 $5,800 $5,400

Double Jeopardy! Round responses

ANGELS
HIGHWAYS & BYWAYS
SINGERS ON POSTAGE STAMPS
WHEN I'M KING...
BOOK BUILDING
TYPE "B", NEGATIVE
    $400 21
halos

Eamon
    $400 26
Broadway

Eamon
    $400 11
Elvis Presley

Eamon
    $400 16
Emperor Hirohito

Eamon
    $400 1
Little House on the Prairie

Eamon
    $400 2
bologna

Eamon
    $5,000 22
(Eamon: What are seraphim?)

archangels

Eamon
    $800 30
the Champs-Élysées

Stephanie
    $800 12
Janis Joplin

Andy
    $800 17
David

Triple Stumper
    $4,000 4
The Old Curiosity Shop

Stephanie
    $800 3
a badger

Stephanie
    $1200 23
(Eamon: Who is Michelangelo?)

Raphael

StephanieEamon
    $1200 29
Tom Landry

Andy
    $1200 13
Patsy Cline

Eamon
    $1200 18
Vittorio Emanuele (or Victor Emmanuel)

Stephanie
    $1200 5
Miss Marple

Eamon
    $1200 6
a balk

Stephanie
    $1600 24
Baptist

Stephanie
    $1600 28
San Francisco

Eamon
    $1600 14
(Alex: Sele--Stephanie.)
(Stephanie: Who is [*]?)
[Though Stephanie was originally credited with a correct response, the clue was later thrown out because Alex said part of the correct response when when calling on Stephanie.]

Selena

Triple Stumper
    $1600 19
(Alex: And the Armada--[*].)

Philip II

Triple Stumper
    $1600 7
Digital Fortress

Triple Stumper
    $1600 9
(Alex: Why are you smiling and looking at me when you say that? I resent that!)
[Laughter]

a birdbrain

Stephanie
    $2000 25
Gaza

Triple Stumper
    $2000 27
Brandenburg Gate

Eamon
    $2000 15
Mahalia Jackson

Eamon
    $2000 20
(Alex: Mad King [*], yes.)

Ludwig

Stephanie
    $2000 8
Cold Comfort Farm

Stephanie
    $2000 10
banish

Eamon

Scores at the end of the Double Jeopardy! Round:

Andy Stephanie Eamon
$4,600 $22,200 $11,600

[wagering suggestions for these scores]

Final Jeopardy! Round responses

CALIFORNIA CITIES
(Alex: Herbert Hoover graduated from Stanford, so the correct response was [*].)
AndyWhat is ?
$0
EamonWhat is Yorba Linda?
$10,600
StephanieWhat is San Diego?
$1,001
Palo Alto

Final scores:

Andy Stephanie Eamon
$4,600 $21,199 $1,000
2nd place: $2,000 New champion: $21,199 3rd place: $1,000

Game dynamics:

Coryat scores:

Andy Stephanie Eamon
$4,600 $18,800 $16,600
9 R,
1 W
18 R
(including 2 DDs),
0 W
22 R,
2 W
(including 1 DD)

Combined Coryat: $40,000

[game clues] [game scores] [suggest correction]

Game tape date: Unknown
The J! Archive is created by fans, for fans. Scraping, republication, monetization, and malicious use prohibited; this site may use cookies and collect identifying information. See terms. The Jeopardy! game show and all elements thereof, including but not limited to copyright and trademark thereto, are the property of Jeopardy Productions, Inc. and are protected under law. This website is not affiliated with, sponsored by, or operated by Jeopardy Productions, Inc. Join the discussion at JBoard.tv.